000 00535pab a2200193 454500
008 180718b2010 xxu||||| |||| 00| 0 eng d
100 _aLawrence, Eric
245 _aSelf-segregation or deliberation? Blog readership, participation, and polarization in American politics
260 _c2010
300 _ap.141-57.
362 _aMar
650 _aUnited States
650 _aPolitics and government
700 _aFarrell, Henry
700 _aSides, John
773 _aPerspectives on Politics
908 _aN
909 _a87219
999 _c87219
_d87219